| 000 | 00538nam a22001817a 4500 | ||
|---|---|---|---|
| 005 | 20250916114512.0 | ||
| 008 | 250916b |||||||| |||| 00| 0 eng d | ||
| 020 | _a9798887150468 | ||
| 050 |
_aLC 196 .F57 2023 _bC.1 |
||
| 100 | _aFisher, George | ||
| 245 | _aEducation and Social Challenges | ||
| 250 | _aFirst Edition | ||
| 260 |
_aDublin, OH _bOryson Press _c2023 |
||
| 300 | _aix, 235p. | ||
| 500 | _aIncludes bibliographical references | ||
| 650 | _a1. Education - Social aspects. 2. Educational sociology. | ||
| 942 |
_2lcc _cBK |
||
| 999 |
_c216101 _d216101 |
||